000 00199nam a2200085Ia 4500
008 120527s9999 xx 000 0 und d
100 _aPINSON, G.S
245 _aA-Pedal operated grain mill
942 _cBK
999 _c25147
_d25147